| 000 | 00678nam a2200193Ia 4500 | ||
|---|---|---|---|
| 003 | GCL | ||
| 008 | 140319s9999 xx 000 0 ara d | ||
| 040 |
_aGCL / _cGCL |
||
| 082 | 0 | 4 |
_a377.54 _bط ج |
| 100 | 1 | _aالطاهر المعمورى | |
| 245 | 1 | 0 |
_aجامع الزيتونة ومدارس العلم فى العهد بين الحفصى والتركى من سنة 1206-603 الى سنة 1705-1117 / _cالطاهر المعمورى |
| 260 |
_a[S.N] : _bالدار العربية للكتاب ، _c1980 |
||
| 300 | _a140 ص | ||
| 490 | _a | ||
| 650 | 0 | 4 | _aتونس |
| 650 | 0 | 4 | _aالتاريخ الاسلامى |
| 650 | 0 | 4 | _aجامع الزيتونة |
| 942 |
_2ddc _cBK |
||
| 999 |
_c52671 _d52671 |
||